Exercise and sport sciences reviews. (Record no. 156040)

MARC details
000 -LEADER
fixed length control field 00678nam a2200229 a 4500
008 - FIXED-LENGTH DATA ELEMENTS--GENERAL INFORMATION
fixed length control field
020 ## - INTERNATIONAL STANDARD BOOK NUMBER
International Standard Book Number 068318301X (hbk.)
049 ## - LOCAL HOLDINGS (OCLC)
Holding library MAIN
090 01 - LOCALLY ASSIGNED LC-TYPE CALL NUMBER (OCLC); LOCAL CALL NUMBER (RLIN)
Classification number (OCLC) (R) ; Classification number, CALL (RLIN) (NR) RC1200
003 - CONTROL NUMBER IDENTIFIER
control field
005 - DATE AND TIME OF LATEST TRANSACTION
control field 20230123133853.0
040 ## - CATALOGING SOURCE
Transcribing agency NUST
245 00 - TITLE STATEMENT
Title Exercise and sport sciences reviews.
Number of part/section of a work Volume 24/
Statement of responsibility, etc. editor John O Holloszy.
260 ## - PUBLICATION, DISTRIBUTION, ETC.
Place of publication, distribution, etc. Baltimore :
Name of publisher, distributor, etc. Williams and Wilkins,
Date of publication, distribution, etc. 1996
300 ## - PHYSICAL DESCRIPTION
Extent xiv,512 p. :
Other physical details ill. ;
Dimensions 24 cm.
321 ## - FORMER PUBLICATION FREQUENCY
Former publication frequency Annual.
440 #0 - SERIES STATEMENT/ADDED ENTRY--TITLE
Title American College of Sports Medicine series.
650 #0 - SUBJECT ADDED ENTRY--TOPICAL TERM
Topical term or geographic name entry element Sports medicine.
700 ## - ADDED ENTRY--PERSONAL NAME
Personal name Holloszy, John O
907 ## - LOCAL DATA ELEMENT G, LDG (RLIN)
a .b10140736
b 30-11-04
c 24-11-04
942 ## - ADDED ENTRY ELEMENTS (KOHA)
Koha item type Ordinary Loan Books
Call number prefix RC1200
Holdings
Date last seen Total Checkouts Full call number Barcode Cost, replacement price Price effective from Koha item type Lost status Source of classification or shelving scheme Damaged status Not for loan Collection Withdrawn status Home library Current library Shelving location Date acquired Cost, normal purchase price
01/23/2023 2 RC1200 EXE 92003030144 80.00 01/23/2023 BOOKS   LCC     NFIC   MAIN MAIN GEN 01/23/2023 80.00